000 00694nam a2200289Ia 4500
005 20260324133805.0
008 008 260324s9999 xx 000 0 eng d
020 _a9781315197982
037 _aEBOOK
040 _aCRL
040 _beng
040 _cCRL
041 _2eng
041 _aeng
084 _qCRL
100 _aSven Biscop
_91159154
245 0 _aEuro-Mediterranean Security: A Search for Partnership
245 2 _bA Search for Partnership
260 _bTaylor and Francis
260 _c2003
365 _a
365 _b115
856 _uhttp://www.taylorfrancis.com/books/9781315197982
942 _cEBOOK
999 _c1793816
_d1793816